000 00295nam a22001337a 4500
008 180226b xxu||||| |||| 00| 0 eng d
020 _a9781573793612
041 _aeng
080 _a37
100 _a25
101 _aEDU
245 _aThe three Rs of leadership
_cBiddle,J.K
942 _2udc
_cBK
999 _c43485
_d43485